Loading...

Essentials of food science

Bibliographic Details
Main Author: Vaclavik, Vickie A
Other Authors: Christian, Elizabeth W
Format: Printed Book
Published: New York Springer 2014
Edition:4
Subjects:
LEADER 00723nam a22002417a 4500
003 OSt
020 |a 9781461491378 
082 |a 664  |b VAC/ES 
100 |a Vaclavik, Vickie A 
245 |a Essentials of food science 
250 |a 4 
260 |a New York  |b Springer  |c 2014 
300 |a xxiii, 495 
546 |a English 
650 |a Evaluation of food quality 
650 |a Water 
650 |a Carbohydrates in fund 
650 |a Starches in food 
650 |a Pectins and gums 
700 |a Christian, Elizabeth W 
942 |2 ddc  |c BK 
999 |c 155738  |d 155738 
952 |0 0  |1 0  |2 ddc  |4 0  |6 664_000000000000000_VACES  |7 0  |8 Gen  |9 154791  |a KAUCLV  |b KAUCLV  |c GENERAL  |d 2017-06-14  |g 4457.00  |l 7  |m 1  |o 664 VAC/ES  |p 227361  |r 2019-08-01  |s 2019-07-06  |y BK